Département Hautes-Alpes - Statistiques

Statistiques générales
  • Ce quiz a été pris 52 fois
  • Le résultat moyen est 10 sur 20
Statistiques - réponses
Indices Réponses % Correct
Quel numéro de département portent les Hautes-Alpes ? 05
100%
Quel est le chef-lieu départemental ? Gap
98%
Quelle ville est la deuxième plus peuplée du département ? Briançon
93%
Au cours de la Deuxième Guerre mondiale, quel pays occupe le département de novembre 1942 à septembre 1943 ? Italie
80%
Quelle rivière prend sa source au sommet des Anges et se jette dans le Rhône ? Durance
77%
Quelle parc national créé en 1973 et préfiguré dès 1913, majoritairement situé dans les Hautes-Alpes, empiète également sur l'Isère ? Écrins
75%
Quel lac artificiel ayant provoqué l'expropriation de plus de 1 000 personnes et la destruction de 400 immeubles, a été créé en 1959 et constitue une limite avec les Alpes-de-Haute-Provence ? Serre-Ponçon
73%
À quelle ancienne province le dauphin apparaissant sur les armoiries des Hautes-Alpes fait-il référence ? Dauphiné
66%
Quelle espèce animale y est la plus élevée, presque quinze fois plus que les bovins ? Mouton
61%
Depuis sa date de création en 1941, quelle est la plus grande station de ski des Hautes-Alpes, avec près de 250 km de pistes ? Serre Chevalier
59%
De quelle célèbre compétition sportive peut-on trouver un musée au col d'Izoard ? Tour de France
55%
Quel sommet culminant à 4 101 mètre d'altitude, est le plus élevé des Hautes-Alpes et était, avant l'annexion de la Savoie en 1860, le plus haut de France ? Barre des Écrins
39%
Quel minerai était extrait de la mine du Fournel depuis le Moyen Âge et jusqu'en 1908, année où le gisement fut considéré comme épuisé ? Plomb argentifère
27%
Quel monument fortifié dont la construction remonterait au XIIIe siècle est situé sur la commune de Château-Ville-Vieille ? Fort Queyras
18%
Quelle loi d'aménagement du territoire de 1985 s'applique à l'entièreté du territoire départemental, cas unique en France ? Loi Montagne
16%
Selon la légende, quelle bête fut blessée par Saint-Véran de Cavaillon, donnant naissance au village du même nom ? Dragon
14%
En quelle année la préfecture des Hautes-Alpes a-t-elle cessé d'être Chorges ? 1790
9%
Quel type de monument a été érigé en 1804 en l'honneur de Napoléon sur le col de Montgenèvre et comporte des inscriptions en français, italien, espagnol et latin ? Obélisque
7%
Où peut-on trouver de célèbres cheminées de fées, dans la « salle de bal des demoiselles coiffées » ? Théus
7%
De quel peuple gaulois battu par les légions romaines entre 125 et 118 avant J.-C., le Gapençais faisait-il partie lors de la conquête romaine ? Voconces
0%
Aucun quiz correspondant
Distribution des résultats
% des personnes avec chaque résultat
Percentile par nombre de réponses
Votre historique - résultats
Vous n’avez pas pris ce quiz